| Tag |
First Indicator |
Second Indicator |
Subfields |
| LEADER |
00000cam a2200000Ia 4500 |
| 001 |
in00002346310 |
| 005 |
20151108055234.0 |
| 008 |
071207s1971 enkab 000 0 eng d |
| 035 |
|
|
|a (OCoLC)ocn182942528
|
| 035 |
|
|
|a (OCoLC)182942528
|
| 040 |
|
|
|a TXA
|c TXA
|d UtOrBLW
|
| 043 |
|
|
|a e-uk-en
|
| 049 |
|
|
|a TXAM
|
| 090 |
|
|
|a DA685.B35
|b B38 1971
|
| 245 |
0 |
0 |
|a Battle of Barnet quincentenary, 1471 1971 :
|b commemorative brochure /
|c editor, David Hicks.
|
| 264 |
|
3 |
|a Barnet :
|b Printed by Barnet Press,
|c [1971]
|
| 300 |
|
|
|a 34 pages :
|b illustrations, maps ;
|c 22 cm.
|
| 336 |
|
|
|a text
|b txt
|2 rdacontent
|
| 337 |
|
|
|a unmediated
|b n
|2 rdamedia
|
| 338 |
|
|
|a volume
|b nc
|2 rdacarrier
|
| 500 |
|
|
|a "Sponsored by the Barnet London Borough Council."
|
| 651 |
|
0 |
|a Barnet (London, England)
|x History.
|
| 650 |
|
0 |
|a Barnet, Battle of, Barnet, London, England, 1471.
|
| 700 |
1 |
|
|a Hicks, David.
|
| 710 |
1 |
|
|a Barnet (London, England).
|b Council.
|
| 994 |
|
|
|a C0
|b TXA
|
| 948 |
|
|
|a cataloged
|b h
|c 2007/12/7
|d c
|e nbehmer
|f 10:09:11 am
|
| 999 |
|
|
|a MARS
|
| 999 |
f |
f |
|s 9d706404-09b3-3a2f-8de6-8ffc21761493
|i 8ea7c676-1a7a-3d27-847a-d7f57444af5e
|t 0
|
| 952 |
f |
f |
|p noncirc
|a Texas A&M University
|b College Station
|c Cushing Memorial Library & Archives
|s cush lond
|d Cushing: London (Does not check out)
|t 0
|e DA685.B35 B38 1971
|h Library of Congress classification
|i unmediated -- volume
|m A14852692897
|
| 998 |
f |
f |
|a DA685.B35 B38 1971
|t 0
|l Cushing: London (Does not check out)
|